Rotavírus fertőzések, a prevenció elméleti alapja és gyakorlata
Elmentve itt :
| Szerző: | |
|---|---|
| Dokumentumtípus: | Könyv része |
| Megjelent: |
2009
|
| Sorozat: | Tiszaparti esték
10 Tiszaparti esték : gyermekgyógyászati továbbképző előadások 2008-2009 10 |
| Kulcsszavak: | Fertőző betegségek, Vírusfertőzés, Gyermekgyógyászat |
| Tárgyszavak: | |
| Online Access: | http://acta.bibl.u-szeged.hu/18953 |
| LEADER | 00847naa a2200217 i 4500 | ||
|---|---|---|---|
| 001 | acta18953 | ||
| 005 | 20220321142105.0 | ||
| 008 | 161015s2009 hu o 0|| hun d | ||
| 022 | |a 1588-3515 | ||
| 040 | |a SZTE Egyetemi Kiadványok Repozitórium |b hun | ||
| 041 | |a hun | ||
| 100 | 1 | |a Várkonyi Ágnes | |
| 245 | 1 | 0 | |a Rotavírus fertőzések, a prevenció elméleti alapja és gyakorlata |h [elektronikus dokumentum] / |c Várkonyi Ágnes |
| 260 | |c 2009 | ||
| 300 | |a 9-17 | ||
| 490 | 0 | |a Tiszaparti esték |v 10 | |
| 490 | 0 | |a Tiszaparti esték : gyermekgyógyászati továbbképző előadások 2008-2009 |v 10 | |
| 650 | 4 | |a Orvos- és egészségtudomány | |
| 650 | 4 | |a Egészségtudományok | |
| 695 | |a Fertőző betegségek, Vírusfertőzés, Gyermekgyógyászat | ||
| 856 | 4 | 0 | |u http://acta.bibl.u-szeged.hu/18953/1/tiszaparti_2008_009-017.pdf |z Dokumentum-elérés |